Murder Mystery 2 All Godlies (Roblox) - Statistics

General Stats
  • This quiz has been taken 281 times
  • The average score is 35 of 98
Answer Stats
Hint Answer % Correct
Crafting Chroma Seer
74%
Crafting Blue Seer
73%
Crafting Orange Seer
73%
Crafting Purple Seer
73%
Crafting Red Seer
73%
Crafting Yellow Seer
73%
Crafting Seer
72%
Chroma Chroma Luger
71%
Xmas 2018 Crafting Ginger Luger
70%
Xmas 2015 Green Luger
70%
Gun Box #1 Luger
70%
Xmas 2015 Red Luger
70%
Chroma Chroma Lightbringer
65%
Mystery Box #2 Lightbringer
62%
Chroma Chroma Darkbringer
61%
Chroma Chroma Darkbringer
61%
Chroma Chroma Heat
58%
Mystery Box #2 Darkbringer
58%
Rainbow Box Heat
58%
Chroma Chroma Shark
52%
Gun Box #2 Shark
52%
Chroma Chroma Gemstone
49%
Chroma Chroma Laser
49%
Mystery Box #1 Gemstone
49%
Gun Box #3 Laser
49%
Xmas 2015 Candy
47%
Clockwork Item Pack Clockwork
47%
Chroma Chroma Tides
46%
Knife Box #5 Tides
46%
Chroma Chroma Deathshard
45%
Knife Box #1 Deathshard
45%
Chroma Pet Chroma Fire Dog
44%
Chroma Pet Chroma Fire Cat
43%
Chroma Chroma Saw
43%
Pet Egg Fire Dog
43%
American Item Pack Old Glory
43%
Knife Box #3 Saw
43%
Xmas 2015 Sugar
43%
Pet Egg Fire Cat
42%
Chroma Chroma Fang
41%
Chroma Pet Chroma Fire Bat
41%
Pet Egg Fire Bat
41%
American Item Pack Amerilaser
40%
Chroma Chroma Slasher
40%
Knife Box #2 Fang
40%
Knife Box #4 Slasher
40%
8-Bit Item Pack Pixel
38%
Bio-Update Item Pack Bioblade
36%
Shadow Item Pack Nightblade
36%
Promocode Eternal
35%
Promocode Eternal II
35%
Promocode Eternal III
35%
Futuristic Item Pack Blaster
34%
Chroma Chroma Gingerblade
34%
Futuristic Item Pack Virtual
34%
Xmas 2015 Xmas
34%
Xmas 2018 Gingerblade
33%
Chroma Chroma Boneblade
29%
Halloween 2018 Boneblade
28%
Crafting Flames
24%
Chroma Pet Chroma Fire Bunny
22%
Chroma Pet Chroma Fire Pig
22%
Pet Egg Fire Bunny
22%
Pet Egg Fire Pig
22%
Halloween 2015 Spider
22%
Xmas 2015 Chill
18%
Chroma Pet Chroma Fire Bear
18%
Chroma Pet Chroma Fire Fox
18%
Pet Egg Fire Bear
18%
Xmas 2016 Ice Dragon
18%
Pet Egg Fire Fox
17%
Halloween 2019 Elderwood Revolver
16%
Promocode Eternalcane
16%
Halloween 2016 Hallow's Blade
16%
Halloween 2017 Hallow's Blade
16%
Xmas 2017 Ice Shard
16%
Halloween 2017 Pumpking
16%
Xmas 2017 Snowflake
16%
Xmas 2017 Winter's Edge
16%
Xmas 2015 Handsaw
15%
Halloween 2017 Battle Axe
14%
Halloween 2018 Battle Axe II
14%
Xmas 2019 Minty
13%
Xmas 2019 Frostbite
12%
Xmas 2017 Frostsaber
11%
American Item Pack Pet Sammy
9%
Xmas 2019 Lugercane
8%
Pet Box #1 Deathspeaker
7%
Halloween 2019 Ghostblade
7%
8-Bit Item Pack Pet Phoenix
7%
Shadow Item Pack Pet Skelly
7%
Halloween 2017 Pack Pet Traveller
7%
Xmas 2017 Pack Pet Ice Phoenix
6%
Futuristic Item Pack Pet Electro
5%
Halloween 2019 Pack Pet Ghosty
5%
Xmas 2019 Item Pack Pet Icey
5%
Clockwork Item Pack Pet Steambird
5%
Xmas 2018 Tiers Pet Frostbird
3%
No matching quizzes found
Score Distribution
Percent of People with Each Score
Percentile by Number Answered
Your Score History
You have not taken this quiz